000 00855nam a2200217Ia 4500
003 OSt
005 20250710152004.0
008 191128s2012 ck a er 000 f spa d
020 _a950210868X
040 _aCO-JMCR
_cCO-JMCR
041 _aspa
082 0 4 _aN
_bPIÑf
100 1 _aPiñeros Corpas, Joaquín,
_d1915-1982
_eautor
_97863
245 1 0 _aFábulas criollas /
_cJoaquín Piñeros Corpas
260 _aBogotá :
_bPatronato Colombiano,
_c2012
300 _a84 páginas :
_bilustraciones a color ;
_c16 cm. x 23 cm.
500 _aIncluye tabla de contenido
505 _aFábulas de pajaros -- fábulas marinas -- fábulas de flores -- fábulas de huerto -- fábulas en aire de cuento -- fábuls de animales maestros -- fábulas trsites -- fábulas con ilusión -- fábulas del campo
650 1 4 _aFábulas infantiles
_91500
942 _2ddc
_cBK
999 _c3347
_d3347